000
00213 a2200097 4500
001
30193
100
_a
London Jack
245
_a
The call of the wild
260
_a
London
_b
Octopus Books
_c
090
_c
20136
_d
20136
942
_a
NUST-CAE
_c
M
_c
11266
999
_c
265266
_d
265266